Loading...
| Fine Arts - Classical Music | 8 | 12.50 | 75% | 50% | 0% |
| Fine Arts - Other Fine Arts | 6 | 15.00 | 100% | 50% | 0% |
| Fine Arts - Visual Fine Arts | 6 | 13.33 | 100% | 33% | 0% |
| Geography/Current Events | 4 | 17.50 | 100% | 50% | 25% |
| History - American History | 8 | 22.50 | 100% | 100% | 25% |
| History - European History | 8 | 16.25 | 100% | 63% | 0% |
| History - Other History | 6 | 20.00 | 100% | 83% | 17% |
| History - World History | 7 | 17.14 | 100% | 57% | 14% |
| Literature - American Literature | 8 | 25.00 | 100% | 100% | 50% |
| Literature - British Literature | 6 | 23.33 | 100% | 100% | 33% |
| Literature - European Literature | 9 | 24.44 | 100% | 100% | 44% |
| Literature - World/Other Literature | 7 | 24.29 | 100% | 86% | 57% |
| Mythology | 8 | 20.00 | 88% | 88% | 25% |
| Other Academic | 3 | 20.00 | 100% | 67% | 33% |
| Philosophy | 10 | 23.00 | 100% | 80% | 50% |
| Pop Culture | 2 | 20.00 | 100% | 100% | 0% |
| Religion | 7 | 18.57 | 100% | 71% | 14% |
| Science - Biology | 7 | 15.71 | 100% | 43% | 14% |
| Science - Chemistry | 5 | 14.00 | 100% | 40% | 0% |
| Science - Other Science | 9 | 18.89 | 100% | 67% | 22% |
| Science - Physics | 6 | 16.67 | 100% | 67% | 0% |
| Social Science | 8 | 20.00 | 100% | 63% | 38% |